000 00370nam a2200145Ia 4500
008 231129s2001||||xx |||||||||||||| ||spa||
020 _a84-226-8781-X
040 _bspa
082 _a813 S561ó
100 _aShreve Anita
245 0 _aOlympí­a
260 _c2001
264 _aBarcelona España : Planeta
942 _2ddc
_cBKS
999 _c22096
_d22096